000 01047nam a2200301Ia 4500
001 Para_1433
003 CHAP
008 220125s1999 xx 000 0 und d
010 _a200180
040 _cCHAP
090 _aPA TESIS 1374
100 _aLópez Santiago, Juan
_968327
245 _aMétodos de control alternativo de la marchitez del crisantemo tipo margarita (Dendrathemum grandifolia Tzvel), causada por Fusarium oxysporum (Shlecht.), Snyd & Hans /
_c por Júan López Santiago
260 _aChapingo, Méx. :
_b El autor
300 _a67 h.
502 _aTesis (M.C. en Protección Vegetal), UACh. Depto. Parasitología
650 _aCrisantemo
_x enfermedades
_928949
650 _aFusarium oxysporum
_944093
650 _aHongos fitopatógenos
_956132
710 _aUACh. Departamento de Parasitología Agrícola
_9115877
901 _aPA TESIS 1374
902 _aA
905 _a0000001999 n 0000000000 00
910 _a1999
942 _cPARA
942 _cPARA
_d1
999 _c200180
_d200180